| 000 | 00455nam a2200157Ia 4500 | ||
|---|---|---|---|
| 008 | 210716s2003 xx 000 0 und d | ||
| 020 | _a8178811448 | ||
| 041 | _aeng | ||
| 082 | _a332.1 NAGV | ||
| 100 | _aNageswaran, V Anantha. | ||
| 245 |
_aGlobal financial markets: issues and perspectives. _bIssues and perspectives. |
||
| 260 |
_aIndia _bICFAI University Press _c2003 |
||
| 300 | _a152,A.9 | ||
| 650 | _aFinance | ||
| 700 | _aNageswaran, V Anantha. | ||
| 999 |
_c202353 _d202353 |
||